000 00744nam a2200205Ii 4500
003 JO-AjNU
008 230605s9999||||xx |||||||||||||| ||und||
040 _aJO-AjNU
_bara
_erda
_cJO-AjNU
041 _aara
050 1 4 _aBP178.S5 1984
100 3 _aخان، صديق حسن,
_eauthor
_935310
245 0 0 _aالموعظة الحسنة بما يخطب في شهور السنة: الخطب المنبرية للجمعة والعيدين والمناسبات الشرعية
250 _aط1
264 3 1 _aبيروت: دار الكتب العلمية، 1984
300 _a218ص
336 _atext
_btxt
_2rdacontent
337 _aunmediated
_bn
_2rdamedia
338 _avolume
_bnc
_2rdacarrier
650 4 _aالوعظ والارشاد
_935311
999 _aA14565
_c18133
_d18133